Les Premiers Ministres du Royaume-Uni depuis 1945 - Statistiques

Statistiques générales
  • Ce quiz a été pris 582 fois
    579 depuis la dernière actualisation
  • Le résultat moyen est 8 sur 15
Statistiques - réponses
Parti politique Dates Premier Ministre % Correct
Conservateur 1979-1990 Margaret Thatcher
93%
Conservateur 1951-1955 Winston Churchill
91%
Conservateur 2016- Theresa May
84%
Travailliste 1997-2007 Tony Blair
80%
Conservateur 2010-2016 David Cameron
76%
Travailliste 2007-2010 Gordon Brown
57%
Conservateur 1990-1997 John Major
51%
Travailliste 1945-1951 Clement Attlee
46%
Travailliste 1964-1970 Harold Wilson
35%
Travailliste 1974-1976 Harold Wilson
35%
Conservateur 1955-1957 Anthony Eden
33%
Conservateur 1957-1963 Harold Macmillan
31%
Conservateur 1970-1974 Edward Heath
25%
Travailliste 1976-1979 James Callaghan
24%
Conservateur 1963-1964 Alec Douglas-Home
21%
Aucun quiz correspondant
Distribution des résultats
% des personnes avec chaque résultat
Percentile par nombre de réponses
Votre historique - résultats
Vous n’avez pas pris ce quiz depuis la dernière actualisation